| 000 | 01184nab a22002057a 4500 | ||
|---|---|---|---|
| 999 |
_c5882 _d5882 |
||
| 003 | OSt | ||
| 005 | 20260109023805.0 | ||
| 008 | 190514b xxu||||| |||| 00| 0 spa d | ||
| 040 | _cPJ | ||
| 100 |
_96765 _aPérez Castelli, Ayelén |
||
| 245 | 1 | 3 |
_aDerecho humano a vivir en familia : _bguardas de hecho y situaciones irregulares / _cAyelén Pérez Castelli. |
| 300 | _ap. 126-137 | ||
| 505 | _aSumario: I. Introducción.— II. Contexto normativo vigente: enfoque de derechos humanos.— III. Vulnerabilidad(es) y vulneraciones desde una perspectiva interseccional: herramientas para el análisis.— IV. Poner en crisis algunas respuestas actuales del Sistema de Promoción y Protección Integral de Derechos de Niños, Niñas y Adolescentes: guardas de hecho y situaciones irregulares.— V. Reflexiones finales. | ||
| 505 | _tSi te interesa el texto, comunicate a koha@justierradelfuego.gov.ar | ||
| 650 | 0 |
_9967 _aDERECHO DE FAMILIA |
|
| 650 | 0 |
_9614 _aDERECHOS HUMANOS |
|
| 650 | 0 |
_92741 _aDERECHOS DE LAS NIÑAS, NIÑOS Y ADOLESCENTES |
|
| 773 | 0 |
_02844 _93222 _dBuenos Aires : AbeledoPerrot, 1989- _tDerecho de familia. N° 121 - Septiembre 2025 _z18511201 |
|
| 942 |
_2udc _cANA |
||